000 01779nam a2200253Ia 4500
003 PE SENCICO BE
005 20251020182438.0
008 200515s9999 xx 000 0 und d
020 _a970-15-0271-X
040 _aPE SENCICO BE
_cPE SENCICO BE
041 _aspa
082 _a516.6
_bB39
100 1 _aBermejo Herrero, Miguel
_93200
_eautor
245 1 0 _aGeometría descriptiva aplicada /
_cMiguel Bermejo Herrero
250 _a[1a ed.]
260 _aMéxico, D.F. :
_bAlfaomega ;
_c1999
300 _a274 páginas :
_bilustraciones, gráficos ;
_c25 cm.
505 0 _aConcepto de dibujo técnico -- Representación de puntos, rectas y planos -- Intersecciones y paralelismo -- Cambio de planos y proyección -- Aplicaciones de los giros -- Homología -- Abatimientos, tiedros, perpendicularidad -- Clasificación de superficies poliedros -- Superficies radiales -- Intersección de superficies -- Sistema de planos acotados -- Principios generales de la axonometría -- Axonometría ortogonal: punto, recta y plano -- Perpendicularidad y abatimiento -- Perspectivas axonométricas -- Principios generados del sistema cónico -- Recta, plano, intersecciones, paralelismo -- Perspectivas cónicas
520 3 _aPresenta conceptos de dibujo técnico, sistemas de representación europeo y americano, representación de puntos y planos, intersecciones, pasando por planos de proyección, homología, proyecciones, abatimientos, triedros, superficies poliedros, superficies radiales, sistemas de planos acotados, hasta los principios de axonometría, axonometría ortogonal, principios del sistema cónico y perspectivas cónicas.
650 1 0 _aGeometría descriptiva
_922
650 2 0 _aProyecciones e isometrías
_9874
650 2 0 _aGeometría
_921
942 _cLIB
_2ddc
999 _c453
_d453